EG rural (Record no. 77388)
[ view plain ]
| 000 -LEADER | |
|---|---|
| fixed length control field | 00845cab a2200217 4500 |
| 001 - CONTROL NUMBER | |
| control field | ##L134143 |
| 008 - FIXED-LENGTH DATA ELEMENTS--GENERAL INFORMATION | |
| fixed length control field | 060713n2006 000 0 eng u |
| 035 ## - SYSTEM CONTROL NUMBER | |
| System control number | (Sirsi) u134143 |
| 041 0# - LANGUAGE CODE | |
| Language code of text/sound track or separate title | eng |
| 100 1# - MAIN ENTRY--PERSONAL NAME | |
| Personal name | Cockcroft, Lucia |
| 245 00 - TITLE STATEMENT | |
| Title | EG rural |
| 260 ## - PUBLICATION, DISTRIBUTION, ETC. | |
| Date of publication, distribution, etc. | 2006 |
| 490 #0 - SERIES STATEMENT | |
| Series statement | Estates Gazette |
| Volume/sequential designation | (0627) 8 July 2006, 85-95(7) |
| 520 ## - SUMMARY, ETC. | |
| Summary, etc. | Investigates who is buying residential farmland, demand for which is at its strongest in two years. Asks whether there is still a need for surveyors in the rural market. Reports on the farmland market which shows a 30% increase of farmland on the open market compared to this time last year. |
| 590 ## - LOCAL NOTE (RLIN) | |
| Local note | IKA180706 |
| 651 #4 - SUBJECT ADDED ENTRY--GEOGRAPHIC NAME | |
| Geographic name | GREAT BRITAIN |
| 690 ## - LOCAL SUBJECT ADDED ENTRY--TOPICAL TERM (OCLC, RLIN) | |
| Topical term or geographic name as entry element | PROPERTY-RURAL AND NATURAL ASSETS-RURAL AND NATURAL ASSET MARKET |
| 700 1# - ADDED ENTRY--PERSONAL NAME | |
| Personal name | Killick, Steve |
| 700 1# - ADDED ENTRY--PERSONAL NAME | |
| Personal name | Bailey, Ian |
| 942 ## - ADDED ENTRY ELEMENTS (KOHA) | |
| Suppress in OPAC | 0 |
| Withdrawn status | Lost status | Source of classification or shelving scheme | Damaged status | Not for loan | Home library | Current library | Shelving location | Date acquired | Total Checkouts | Full call number | Barcode | Date last seen | Copy number | Price effective from | Koha item type |
|---|---|---|---|---|---|---|---|---|---|---|---|---|---|---|---|
| Dewey Decimal Classification | London | London | Journal article | 13/07/2006 | L134143 | 134143-1001 | 06/08/2019 | 1 | 06/08/2019 | Journal article |